000 00735nam a2200253Ia 4500
001 818
003 GE_BSU
008 181216s||||||||xx |||||||||||||| ||und||
020 _a5211049659 5020353140
040 _cGE_BSU
080 _a591.3(075.8)
100 _aБелоусов,Л.В.
245 _aОсновы Общей Эмбриологии.
245 _bдля студ. по спец. ,,Биология
250 _a3-е изд.перер. и доп.
260 _aМосква
260 _bМасковского ун-т
260 _c2005
300 _a368с.
541 _h60л.
653 _aОсновы Общей Эмбриологии
653 _aემბრიოლოგია
942 _cBK
999 _c34982
_d34982